[Event "British Rapidplay"]
[Site "Peterborough"]
[Date "2024.03.02"]
[Round "4"]
[White "Derakhshani, Borna"]
[Black "Fellowes, Billy"]
[Result "1-0"]
[WhiteElo "2355"]
[BlackElo "1969"]
[PlyCount "45"]
[EventDate "2024.03.02"]
[EventType "swiss (rapid)"]
[EventRounds "11"]
[EventCountry "ENG"]
[SourceTitle "CB10_2024"]
[SourceDate "2024.03.06"]
[SourceVersion "1"]
[SourceVersionDate "2024.03.06"]
[SourceQuality "1"]

1. Nf3 d5 2. c4 c6 3. e3 Nf6 4. Nc3 e6 5. d4 Bb4 6. Qb3 Bxc3+ 7. bxc3 0-0 8. Bd3 Nbd7 9. 0-0 Re8 10. cxd5 exd5 11. c4 Nb6 12. cxd5 cxd5 13. a4 Nbd7 14. a5 Nf8 15. Ba3 Ne6 16. Rfc1 Ne4 17. Ne5 Qh4 18. Ra2 Nf6 19. Rac2 Ng5 20. f4 Ne6 21. Bb5 Rd8 22. Be7 Bd7 23. Bxd7 1-0

[Event "Daventry 4NCL op-A 30th"]
[Site "Daventry"]
[Date "2023.06.18"]
[Round "5"]
[White "Fellowes, Billy"]
[Black "Pitts, Daniel"]
[Result "1-0"]
[WhiteElo "1827"]
[BlackElo "1510"]
[PlyCount "101"]
[EventDate "2023.06.16"]
[EventType "swiss"]
[EventRounds "5"]
[EventCountry "ENG"]
[SourceTitle "CBM 214 Extra"]
[Source "ChessBase"]
[SourceDate "2023.07.31"]
[SourceVersion "1"]
[SourceVersionDate "2023.07.31"]
[SourceQuality "1"]

1. d4 d5 2. c4 e6 3. Nc3 Nf6 4. Bg5 Be7 5. e3 c6 6. cxd5 cxd5 7. Nf3 Nc6 8. Be2 h6 9. Bh4 0-0 10. 0-0 Bd7 11. Rc1 Rc8 12. Bd3 Ne8 13. Bxe7 Qxe7 14. a3 f5 15. Qe2 Nf6 16. Nh4 Ne4 17. Ng6 Qg5 18. Nxf8 Rxf8 19. f3 Nf6 20. Bb5 f4 21. Bxc6 bxc6 22. e4 Nh5 23. Qd2 e5 24. dxe5 Qxe5 25. exd5 Qe3+ 26. Qxe3 fxe3 27. dxc6 Bxc6 28. Rfe1 Re8 29. Ne4 Bxe4 30. fxe4 Rxe4 31. Rc3 e2 32. g3 Nf6 33. Rc2 Re3 34. Rexe2 Rb3 35. Re7 Nd5 36. Rxa7 Ne3 37. Rc3 Rxc3 38. bxc3 Nd5 39. c4 Nc3 40. c5 Nb5 41. Rb7 Nd4 42. a4 Nc6 43. Rb6 Ne7 44. a5 Kf8 45. a6 Ke8 46. a7 Kd7 47. a8Q g5 48. Rd6+ Kc7 49. Qd8+ Kb7 50. Rb6+ Ka7 51. Qb8# 1-0

[Event "Daventry 4NCL op-A 30th"]
[Site "Daventry"]
[Date "2023.06.17"]
[Round "2"]
[White "Mason, Donald"]
[Black "Fellowes, Billy"]
[Result "0-1"]
[WhiteElo "2052"]
[BlackElo "1827"]
[PlyCount "50"]
[EventDate "2023.06.16"]
[EventType "swiss"]
[EventRounds "5"]
[EventCountry "ENG"]
[SourceTitle "CBM 214 Extra"]
[Source "ChessBase"]
[SourceDate "2023.07.31"]
[SourceVersion "1"]
[SourceVersionDate "2023.07.31"]
[SourceQuality "1"]

1. e4 Nc6 2. Nf3 d6 3. d4 Nf6 4. Nc3 g6 5. Be3 Bg7 6. Qd2 0-0 7. h3 Bd7 8. 0-0-0 e5 9. d5 Ne7 10. g4 b5 11. Bd3 b4 12. Ne2 Nexd5 13. Bh6 Ne7 14. Ng3 a5 15. Nf5 Nxf5 16. gxf5 Bxf5 17. exf5 e4 18. fxg6 hxg6 19. Nd4 exd3 20. Bxg7 Kxg7 21. Rdg1 Qd7 22. Qg5 Nh7 23. Qf4 c5 24. Nf5+ Kh8 25. Nh6 Qe6 0-1

[Event "ENG-ch Chessable"]
[Site "Kenilworth"]
[Date "2023.05.28"]
[Round "5"]
[White "Fellowes, Billy"]
[Black "Alldritt, Nigel RE"]
[Result "0-1"]
[WhiteElo "1824"]
[BlackElo "1954"]
[PlyCount "84"]
[EventDate "2023.05.26"]
[EventType "swiss"]
[EventRounds "7"]
[EventCountry "ENG"]
[SourceTitle "CBM 214 Extra"]
[Source "ChessBase"]
[SourceDate "2023.07.31"]
[SourceVersion "1"]
[SourceVersionDate "2023.07.31"]
[SourceQuality "1"]

1. e4 e6 2. d4 d5 3. Nd2 Nf6 4. e5 Nfd7 5. c4 c5 6. f4 Nc6 7. dxc5 Bxc5 8. Nb3 Bxg1 9. Rxg1 dxc4 10. Bxc4 Ncxe5 11. Be2 Nc6 12. Be3 0-0 13. Qc2 Nb4 14. Qd2 Nd5 15. Bf2 N7f6 16. Bf3 Qc7 17. g3 Bd7 18. Kf1 Rfd8 19. Nd4 Rac8 20. Kg2 Qb8 21. Rge1 Ne7 22. Qb4 Nc6 23. Qa3 Nxd4 24. Bxd4 Bc6 25. Rad1 Bxf3+ 26. Qxf3 b6 27. Kh3 Qa8 28. Qa3 Rc2 29. Rg1 e5 30. fxe5 Qc8+ 31. g4 Nxg4 32. Kg3 Nh6 33. Qf3 Nf5+ 34. Kf4 Rxd4+ 35. Rxd4 Nxd4 36. Qd5 Ne2+ 37. Kg5 Nxg1 38. e6 Rc5 39. exf7+ Kf8 40. Kh4 Qh3+ 41. Kg5 Rxd5+ 42. Kf4 Qf3# 0-1

[Event "ENG-ch Chessable"]
[Site "Kenilworth"]
[Date "2023.05.26"]
[Round "2"]
[White "Fellowes, Billy"]
[Black "Yoon, Jacob D"]
[Result "1/2-1/2"]
[WhiteElo "1824"]
[BlackElo "2035"]
[PlyCount "79"]
[EventDate "2023.05.26"]
[EventType "swiss"]
[EventRounds "7"]
[EventCountry "ENG"]
[SourceTitle "CBM 214 Extra"]
[Source "ChessBase"]
[SourceDate "2023.07.31"]
[SourceVersion "1"]
[SourceVersionDate "2023.07.31"]
[SourceQuality "1"]

1. e4 c5 2. Nf3 Nc6 3. Bb5 d6 4. d4 cxd4 5. Qxd4 Bd7 6. Bxc6 bxc6 7. Nc3 e5 8. Qd3 Be7 9. 0-0 Nf6 10. Bg5 Qc7 11. Rad1 Bg4 12. Bxf6 gxf6 13. h3 Bh5 14. Ne2 Qb6 15. Nh4 Rd8 16. Nf5 Rg8 17. c4 Qxb2 18. Rd2 Bxe2 19. Rxe2 Qb7 20. Rb1 Qa6 21. Reb2 d5 22. exd5 cxd5 23. Rb5 d4 24. Rb7 Bc5 25. Nh6 Rg7 26. Rb8 Qc6 27. f3 Bb6 28. Rxd8+ Kxd8 29. Nf5 Rg8 30. Qa3 Re8 31. Nd6 Re7 32. Nf5 Rd7 33. Qf8+ Kc7 34. Ne7 Qc5 35. Qc8+ Kd6 36. Nf5+ Ke6 37. Ng7+ Ke7 38. Nf5+ Ke6 39. Ng7+ Kd6 40. Nf5+ 1/2-1/2

[Event "BCF-chT3W 2223 (4NCL)"]
[Site "England"]
[Date "2022.10.23"]
[Round "2.16"]
[White "Fellowes, Billy"]
[Black "Fernando, Manel"]
[Result "1-0"]
[WhiteElo "1826"]
[BlackElo "1492"]
[PlyCount "41"]
[EventDate "2022.10.22"]
[EventType "team-tourn"]
[EventRounds "11"]
[EventCountry "ENG"]
[SourceTitle "EXT 2024"]
[Source "ChessBase"]
[SourceDate "2023.10.10"]
[SourceVersion "1"]
[SourceVersionDate "2023.10.10"]
[SourceQuality "1"]
[WhiteTeam "Warwicks Select II"]
[BlackTeam "Brown Jack"]
[WhiteTeamCountry "ENG"]
[BlackTeamCountry "ENG"]

1. e4 e5 2. Nf3 Nc6 3. Bb5 d6 4. 0-0 Nf6 5. d4 exd4 6. Nxd4 Bd7 7. Nxc6 bxc6 8. Bd3 Be7 9. Nc3 0-0 10. Be3 Re8 11. h3 c5 12. f4 Bc6 13. e5 dxe5 14. fxe5 Nd5 15. Bxh7+ Kf8 16. Rxf7+ Kxf7 17. Qh5+ Kf8 18. Bg6 Bd6 19. Qh8+ Ke7 20. Qxg7+ Ke6 21. Qf7+ 1-0

[Event "Daventry 4NCL Easter op-B 2nd"]
[Site "Daventry"]
[Date "2022.04.16"]
[Round "2"]
[White "Fellowes, Billy"]
[Black "McDonnell, James J"]
[Result "0-1"]
[WhiteElo "1612"]
[BlackElo "1929"]
[PlyCount "120"]
[EventDate "2022.04.15"]
[EventType "swiss"]
[EventRounds "7"]
[EventCountry "ENG"]
[SourceTitle "CBM 207 Extra"]
[Source "ChessBase"]
[SourceDate "2022.05.31"]
[SourceVersion "1"]
[SourceVersionDate "2022.05.31"]
[SourceQuality "1"]

1. e4 c5 2. Nf3 d6 3. d4 cxd4 4. Nxd4 Nf6 5. Nc3 Nc6 6. Bb5 Bd7 7. Nxc6 bxc6 8. Bc4 e6 9. Bg5 Bc8 10. e5 dxe5 11. Qf3 Bd7 12. Rd1 Be7 13. Bxf6 Bxf6 14. Ne4 Be7 15. Nd6+ Bxd6 16. Rxd6 Qc7 17. Qd3 Ke7 18. Rxd7+ Qxd7 19. Qg3 Qd4 20. Qa3+ c5 21. Be2 Qb4+ 22. Qxb4 cxb4 23. 0-0 e4 24. Bb5 Rad8 25. f3 Rd2 26. Rf2 Rhd8 27. Ba4 e3 28. Rf1 e2 29. Re1 Rd1 30. Kf2 Rxe1 31. Kxe1 Rd1+ 32. Kxe2 Rb1 33. Bb3 Rxb2 34. Kd2 Rb1 35. Ke2 Kd6 36. f4 f6 37. h3 e5 38. g3 exf4 39. gxf4 Rh1 40. Kd3 Rxh3+ 41. Kc4 a5 42. Kb5 Rh5+ 43. Kc4 Rc5+ 44. Kd4 Rc3 45. f5 h5 46. Bd5 Rxc2 47. Bf3 h4 48. Bg4 Rxa2 49. Bd1 Rd2+ 50. Kc4 Rxd1 51. Kb3 Kc5 52. Kc2 Re1 53. Kd2 Re5 54. Kd3 h3 55. Kc2 Kc4 56. Kd2 h2 57. Kd1 h1Q+ 58. Kd2 Qg2+ 59. Kd1 Qf1+ 60. Kd2 Re2# 0-1